Rubber photogels. Pt.2 (Record no. 67865)

MARC details
000 -LEADER
fixed length control field 00283nam a2200121Ia 4500
100 ## - MAIN ENTRY--AUTHOR NAME
Personal name Stevens H P
245 #0 - TITLE STATEMENT
Title Rubber photogels. Pt.2
260 ## - PUBLICATION, DISTRIBUTION, ETC. (IMPRINT)
Name of publisher IRI Transactions
Year of publication 1943
300 ## - PHYSICAL DESCRIPTION
Number of Pages 218-224
650 ## - SUBJECT ADDED ENTRY--TOPICAL TERM
Topical Term Photogels
942 ## - ADDED ENTRY ELEMENTS (KOHA)
Koha item type Journals
Holdings
Withdrawn status Lost status Damaged status Not for loan Home library Current library Shelving location Date acquired Serial Enumeration / chronology Koha item type
      Journals RRII Library RRII Library Rubber chemistry 17/12/2021 Volume 18, Issue 5 Journals